Curso de derecho natural ó de filosofía del derecho / (Record no. 20578)

MARC details
000 -LEADER
campo de control de longitud fija 00790nam a2200217 i 4500
001 - NÚMERO DE CONTROL
campo de control 20578
003 - IDENTIFICADOR DE NÚMERO DE CONTROL
campo de control ES-MaACL
005 - FECHA Y HORA DE LA ÚLTIMA TRANSACCIÓN
campo de control 20251003063037.0
007 - CAMPO FIJO DE DESCRIPCIÓN FÍSICA--INFORMACIÓN GENERAL
campo de control de longitud fija t|
008 - DATOS DE LONGITUD FIJA--INFORMACIÓN GENERAL
campo de control de longitud fija 021114s1889 sp ||||1| spa d
100 1# - ENTRADA PRINCIPAL--NOMBRE DE PERSONA
Nombre de persona Ahrens, Heinrich,
Fechas asociadas al nombre 1808-1874
9 (RLIN) 18949
245 10 - MENCIÓN DEL TÍTULO
Título Curso de derecho natural ó de filosofía del derecho /
Mención de responsabilidad, etc. por E. Ahrens ; traducida por Pedro Rodríguez Hortelano y Mariano Ricardo de Asensi.
260 ## - PUBLICACIÓN, DISTRIBUCIÓN, ETC.
Lugar de publicación, distribución, etc. Tetuan de Chamartín (Madrid) :
Nombre del editor, distribuidor, etc. Carlos Bailly Balliére,
Fecha de publicación, distribución, etc. 1889.
300 ## - DESCRIPCIÓN FÍSICA
Extensión XV, 694 p. ;
Dimensiones 23 cm.
650 07 - PUNTO DE ACCESO ADICIONAL DE MATERIA--TÉRMINO DE MATERIA
Término de materia o nombre geográfico como elemento de entrada Derecho natural
Fuente del encabezamiento o término embne
9 (RLIN) 11744
650 #4 - PUNTO DE ACCESO ADICIONAL DE MATERIA--TÉRMINO DE MATERIA
Término de materia o nombre geográfico como elemento de entrada Derecho-
Subdivisión general Filosofía
9 (RLIN) 11620
700 1# - ENTRADA AGREGADA--NOMBRE PERSONAL
Nombre de persona Rodríguez Hortelano, Pedro.
9 (RLIN) 98578
700 1# - ENTRADA AGREGADA--NOMBRE PERSONAL
Nombre de persona Ricardo de Asensi, Mariano.
9 (RLIN) 96855
852 ## - LOCALIZACIÓN
Ubicación ES-MaACL
Número de control de estantería B-5615
Holdings
Estatus retirado Estado de pérdida Estado de daño No para préstamo Colección Biblioteca de origen Biblioteca actual Ubicación en estantería Fecha de adquisición Fuente de adquisición Total de préstamos Signatura topográfica completa Código de barras Visto por última vez Precio de reemplazo Tipo de ítem Koha
        Libros del s. XIX Biblioteca del Ateneo de Madrid Biblioteca del Ateneo de Madrid Sala Pardo Bazán 17/01/2008     B-5615 1021130 23/02/2023 23/02/2023 Libro impreso antiguo